[Event "Euskadi-chT (Vasca) Div Honor"]
[Site "Bergara"]
[Date "2018.01.27"]
[Round "3.4"]
[White "Ostolazaga Barragan, Eneko"]
[Black "Garcia, Pio Jesus"]
[Result "0-1"]
[WhiteElo "2068"]
[BlackElo "2242"]
[PlyCount "72"]
[EventDate "2018.01.13"]
[EventType "team-tourn"]
[EventRounds "9"]
[EventCountry "ESP"]
[SourceTitle "EXT 2020"]
[Source "ChessBase"]
[SourceDate "2019.10.17"]
[SourceVersion "1"]
[SourceVersionDate "2019.10.17"]
[SourceQuality "1"]
[WhiteTeam "Altzaga/Zaldunak"]
[BlackTeam "Calasanz"]
[WhiteTeamCountry "ESP"]
[BlackTeamCountry "ESP"]

1. e4 e6 2. Nf3 d5 3. e5 c5 4. b4 cxb4 5. a3 Nc6 6. axb4 Bxb4 7. c3 Be7 8. d4 Rb8 9. Na3 a6 10. Nc2 b5 11. Bd2 f5 12. Be2 h5 13. h4 g6 14. Ng5 Bxg5 15. Bxg5 Qc7 16. 0-0 Rh7 17. Qb1 Nge7 18. Rc1 Na5 19. Nb4 Nec6 20. Nd3 Nc4 21. Nf4 Kf7 22. Qd3 Bb7 23. g4 hxg4 24. Bxg4 N6xe5 25. dxe5 Nxe5 26. Qe2 fxg4 27. Kf1 Qc4 28. Qxc4 Nxc4 29. Re1 Nd2+ 30. Kg2 Ne4 31. Nd3 Nxg5 32. hxg5 d4+ 33. Kf1 Bf3 34. Ne5+ Kg7 35. Nxf3 gxf3 36. Kg1 Rbh8 0-1

[Event "Almansa op-B"]
[Site "Almansa"]
[Date "2014.08.08"]
[Round "7"]
[White "Losa Ordonez, Juan Jose"]
[Black "Ostolazaga Barragan, Eneko"]
[Result "0-1"]
[WhiteElo "1646"]
[BlackElo "1847"]
[PlyCount "62"]
[EventDate "2014.08.05"]
[EventType "swiss"]
[EventRounds "9"]
[EventCountry "ESP"]
[SourceTitle "EXT 2019"]
[Source "ChessBase"]
[SourceDate "2018.10.10"]
[SourceVersion "1"]
[SourceVersionDate "2018.10.10"]
[SourceQuality "1"]

1. e4 c5 2. Nf3 Nc6 3. d4 cxd4 4. Nxd4 Nf6 5. Nc3 e5 6. Ndb5 d6 7. Bg5 a6 8. Na3 b5 9. Nd5 Be7 10. Bxf6 Bxf6 11. c4 Nd4 12. cxb5 Bg5 13. f4 Qa5+ 14. b4 Qxa3 15. fxg5 0-0 16. bxa6 Be6 17. Bd3 Bxd5 18. exd5 Qxb4+ 19. Qd2 Qc5 20. Be4 Rxa6 21. Qd3 Qa5+ 22. Kf2 f5 23. gxf6 Rxf6+ 24. Kg3 Qc5 25. Rhc1 Qa7 26. Bxh7+ Kf7 27. Rc3 Nb5 28. Rc2 Ra3 29. Rd1 Rxd3+ 30. Rxd3 Qa4 31. h4 Qxc2 0-1

[Event "San Sebastian op 37th"]
[Site "San Sebastian"]
[Date "2014.04.12"]
[Round "1"]
[White "Ostolazaga Barragan, Eneko"]
[Black "Etchegaray, Patrice"]
[Result "0-1"]
[WhiteElo "1798"]
[BlackElo "2404"]
[PlyCount "22"]
[EventDate "2014.04.12"]
[EventType "swiss"]
[EventRounds "9"]
[EventCountry "ESP"]
[SourceTitle "CBM 159 Extra"]
[Source "ChessBase"]
[SourceDate "2014.04.24"]
[SourceVersion "1"]
[SourceVersionDate "2014.04.24"]
[SourceQuality "1"]

1. Nf3 Nf6 2. c4 g6 3. b4 Bg7 4. Bb2 0-0 5. g3 d6 6. Bg2 e5 7. 0-0 c6 8. d3 Re8 9. Nbd2 Nh5 10. a4 e4 11. Nd4 c5 0-1

[Event "Bizkaiko-ch Primary"]
[Site "Arrigorriagako"]
[Date "2012.??.??"]
[Round "2.9"]
[White "Barrutia Etxebarria, Xabier"]
[Black "Ostolazaga Barragan, Eneko"]
[Result "1/2-1/2"]
[WhiteElo "1776"]
[BlackElo "1881"]
[PlyCount "60"]
[EventDate "2012.10.20"]
[EventType "tourn"]
[EventRounds "6"]
[EventCountry "ESP"]
[SourceTitle "EXT 2024"]
[Source "ChessBase"]
[SourceDate "2023.10.10"]
[SourceVersion "1"]
[SourceVersionDate "2023.10.10"]
[SourceQuality "1"]

1. e4 c5 2. Nc3 Nc6 3. g3 Nf6 4. Bg2 e6 5. Nf3 d5 6. exd5 exd5 7. 0-0 Be7 8. Re1 Bg4 9. h3 Bh5 10. Ne2 0-0 11. Nf4 Bg6 12. Nxg6 hxg6 13. d3 Re8 14. Bg5 Qc7 15. Qd2 Bd6 16. Rxe8+ Rxe8 17. Re1 Qd7 18. Nh2 Rxe1+ 19. Qxe1 Qe6 20. Nf3 Kf8 21. Qd2 b6 22. c3 Ne5 23. Nxe5 Qxe5 24. d4 Qf5 25. Bxf6 gxf6 26. dxc5 Bxc5 27. b4 Be7 28. Bxd5 Qxh3 29. Qf4 Qd7 30. Qc4 Bd6 1/2-1/2